[Event "CZE-ch U10"]
[Site "Kouty nad Desnou"]
[Date "2015.03.14"]
[Round "9"]
[White "Reznicek, Patrik"]
[Black "Hlavina, Matous"]
[Result "0-1"]
[WhiteElo "1054"]
[BlackElo "1311"]
[PlyCount "42"]
[EventDate "2015.03.07"]
[EventType "swiss"]
[EventRounds "9"]
[EventCountry "CZE"]
[SourceTitle "EXT 2017"]
[Source "ChessBase"]
[SourceDate "2016.10.25"]
[SourceVersion "1"]
[SourceVersionDate "2016.10.25"]
[SourceQuality "1"]

1. e4 e6 2. d4 d5 3. e5 c5 4. c3 Nc6 5. Nf3 Qb6 6. Be2 Nh6 7. Bxh6 gxh6 8. 0-0 Qxb2 9. Nbd2 cxd4 10. cxd4 Nxd4 11. Re1 Bc5 12. Nh4 Nxe2+ 13. Rxe2 Qd4 14. Nhf3 Qg4 15. h3 Qg7 16. Rc1 Bb6 17. Qa4+ Bd7 18. Qh4 Rg8 19. g3 Qxg3+ 20. Qxg3 Rxg3+ 21. Kh2 Rg8 0-1